000 00288nam a22001337a 4500
008 171012b xxu||||| |||| 00| 0 eng d
020 _a9780205454501
041 _aeng
080 _211TH
_a316
100 _a50
101 _aSOC
245 _aTHE FAMILY
_cESHLEMAN,J.R
942 _2udc
_cBK
999 _c33372
_d33372